000 00243nam a22001097a 4500
082 _a620.1 KHA'B
100 _aKHAN MUHAMMAD IKHLAS
_975183
245 _aBENCH FITER GUIDE
260 _aRAWALPINDI
_bYUSUF
_c1980
300 _a411P
942 _cBK
999 _c580651
_d580651